Special report 2001: Careers (Record no. 68417)
[ view plain ]
| 000 -LEADER | |
|---|---|
| fixed length control field | 01252cam a2200217 4500 |
| 001 - CONTROL NUMBER | |
| control field | ABS64607 |
| 008 - FIXED-LENGTH DATA ELEMENTS--GENERAL INFORMATION | |
| fixed length control field | 010927n2001 000 0 eng u |
| 035 ## - SYSTEM CONTROL NUMBER | |
| System control number | (Sirsi) u114890 |
| 245 ## - TITLE STATEMENT | |
| Title | Special report 2001: Careers |
| 260 ## - PUBLICATION, DISTRIBUTION, ETC. | |
| Date of publication, distribution, etc. | 2001 |
| 490 ## - SERIES STATEMENT | |
| Series statement | Estates Gazette |
| Volume/sequential designation | (0137) 15 September 2001, 113-123(7) |
| 520 ## - SUMMARY, ETC. | |
| Summary, etc. | Details some of the key findings of the 2001 RICS and Macdonald Company Salary & Benefits survey. The survey reveals that the key motivators for property professionals are having a range of interesting work, and a decent salary. Looks at property companies' approaches to graduate recruitment. Since the industry is having difficulty recruiting the best graduates, recommends changing the way surveying is marketed as a profession. Also discusses the value of mentoring, which is starting to be embraced by property companies. Looks at post-graduate education, and discusses its pros and cons. Includes a listing of a selection of post-graduate courses approved by the RICS. |
| 590 ## - LOCAL NOTE (RLIN) | |
| Local note | ABS |
| 650 ## - SUBJECT ADDED ENTRY--TOPICAL TERM | |
| Topical term or geographic name entry element | CAREERS, EDUCATION AND TRAINING |
| 650 ## - SUBJECT ADDED ENTRY--TOPICAL TERM | |
| Topical term or geographic name entry element | GRADUATE RECRUITMENT |
| 650 ## - SUBJECT ADDED ENTRY--TOPICAL TERM | |
| Topical term or geographic name entry element | MENTORING |
| 650 ## - SUBJECT ADDED ENTRY--TOPICAL TERM | |
| Topical term or geographic name entry element | POST-GRADUATE EDUCATION |
| 650 ## - SUBJECT ADDED ENTRY--TOPICAL TERM | |
| Topical term or geographic name entry element | RICS |
| 690 ## - LOCAL SUBJECT ADDED ENTRY--TOPICAL TERM (OCLC, RLIN) | |
| Topical term or geographic name as entry element | TRAINING AND CAREER DEVELOPMENT |
| 942 ## - ADDED ENTRY ELEMENTS (KOHA) | |
| Suppress in OPAC | 0 |
| Withdrawn status | Lost status | Source of classification or shelving scheme | Damaged status | Not for loan | Home library | Current library | Shelving location | Date acquired | Total Checkouts | Full call number | Barcode | Date last seen | Copy number | Price effective from | Koha item type |
|---|---|---|---|---|---|---|---|---|---|---|---|---|---|---|---|
| Dewey Decimal Classification | London | London | Journal article | 27/09/2001 | ABS64607 | 114890-1001 | 06/08/2019 | 1 | 06/08/2019 | Journal article |